| 000 | 00839nam a2200205 a 4500 | ||
|---|---|---|---|
| 001 | 000044559 | ||
| 005 | 20201002045448.0 | ||
| 008 | 140716s1984 cl 000 0 spa d | ||
| 040 |
_aDO-SdBNP _bspa _cBNPHU |
||
| 082 |
_axxxx _bxxxx |
||
| 100 | 1 |
_aCalderón de la Barca, Pedro, _d1600-1681. _95547 |
|
| 245 | 1 | 3 |
_aLa vida es sueño : _bEl gran teatro del mundo / _cCalderón de la Barca. |
| 260 |
_aSantiago de Chile : _bEditorial Ercilla, _c1984. |
||
| 300 |
_a237 p. ; _c18 cm. |
||
| 490 | 1 |
_aBiblioteca Ercilla _aMejores libros de la literatura española _v9 |
|
| 500 | _aDos obras encuadernadas juntas con paginación continua. | ||
| 500 | _aIncluye referencias bibliográficas y notas al pie de las páginas | ||
| 740 | 0 | 2 | _aEl gran teatro del mundo |
| 830 | 0 |
_aBiblioteca Ercilla _pMejores libros de la literatura española ; _n9 _972577 |
|
| 999 |
_c44048 _d44048 |
||